| 000 | 01480cam a22004814i 4500 | ||
|---|---|---|---|
| 003 | PE-LiUPU | ||
| 005 | 20250731165456.0 | ||
| 008 | 150623s r 000 0 d | ||
| 020 | _a8428519811 | ||
| 035 | _a(Sirsi) i9788428519816 | ||
| 040 |
_aPE-LiUPU _bspa _cPE-LiUPU _erda |
||
| 049 | _aPRUA | ||
| 082 | 0 | 4 |
_a153.4203 _bD26 _221 |
| 245 | 0 | 0 | _aDiccionario de pensamiento contemporáneo. |
| 264 | 1 |
_aMadrid : _bSan Pablo, _c1997. |
|
| 300 |
_a1276 páginas ; _c20 centímetros |
||
| 336 |
_atext _2rdacontent |
||
| 337 |
_aunmediated _2rdamedia |
||
| 338 |
_avolume _2rdacarrier |
||
| 505 | 0 | _aDiccionario de pensamiento contemporaneo de la A - Y. | |
| 526 | _aSEG44 | ||
| 526 | _aSEG26 | ||
| 526 | _aP151 | ||
| 526 | _aP150 | ||
| 526 | _aP149 | ||
| 526 | _aP146 | ||
| 526 | _aP145 | ||
| 526 | _aP126 | ||
| 526 | _aP125 | ||
| 526 | _aP92 | ||
| 526 | _aP75 | ||
| 526 | _aP74 | ||
| 526 | _aP27 | ||
| 526 | _aP15 | ||
| 650 | 0 | 4 |
_aPensamiento _yEpoca contemporánea _vDiccioarios. |
| 700 | 1 |
_aMoreno Villa, Mariano, _edir. |
|
| 942 |
_2ddc _cBOOK |
||
| 949 |
_aRC 153.4203 D26 _wDEWEY _c1 _i45238 _lCCODEBUL1 _mBUL _r0 _sY _tBOOK _u2015-6-24 _xTEOLOGIA _PP35 _0COMPRA _o.STAFF. Colección General |
||
| 994 |
_aC0 _bPEPRU |
||
| 596 | _a1 | ||
| 999 |
_aRC 153.4203 D26 _wDEWEY _c22094 _i45238 _f2021-11-8 _g5 _lRCG _mBUL _r1 _sY _tBOOK _u2015-6-24 _xBIBLIOTECA _PP35 _0COMPRA _o.STAFF. Colección General _d22094 |
||
| 980 |
_81 _gALBERTO SANCHEZ Responsable de Automatización |
||